[Event "Zagreb Open GpA"]
[Site "Zagreb CRO"]
[Date "2010.02.28"]
[Round "4"]
[White "Plenkovic,Z"]
[Black "Cebalo,M"]
[Result "0-1"]
[WhiteElo "2388"]
[BlackElo "2500"]
[EventDate "2010.02.25"]

1. e4 c5 2. Nf3 d6 3. Bb5+ Nd7 4. O-O Ngf6 5. Re1 a6 6. Bxd7+ Bxd7 7. d4
cxd4 8. Qxd4 e5 9. Qd3 h6 10. Nc3 Be7 11. Nd2 b5 12. a4 b4 13. Nd1 Qc7 14.
Ne3 O-O 15. b3 Be6 16. Bb2 Qc6 17. Rad1 Rfd8 18. Qf1 Rac8 19. f4 Ng4 20. f5
Nxe3 21. Rxe3 Qb6 22. Qf2 Bg5 23. Re2 Qxf2+ 24. Rxf2 Rxc2 25. Ba1 Rxd2 26.
Rdxd2 Bxd2 27. Rxd2 Bxb3 28. a5 Rc8 29. Rxd6 f6 30. Rb6 Rc4 31. g3 Ba4 32.
Rb8+ Kh7 0-1

[Event "Zagreb Open GpA"]
[Site "Zagreb CRO"]
[Date "2010.02.28"]
[Round "4"]
[White "Loncar,R"]
[Black "Zivkovic,Vj"]
[Result "1/2-1/2"]
[WhiteElo "2424"]
[BlackElo "2396"]
[EventDate "2010.02.25"]

1. d4 Nf6 2. c4 g6 3. Nc3 Bg7 4. e4 d6 5. Nf3 O-O 6. Be2 e5 7. Be3 c6 8. d5
Ng4 9. Bg5 f6 10. Bh4 c5 11. Nd2 h5 12. h3 Nh6 13. g4 hxg4 14. hxg4 Nf7 15.
Qc2 Bh6 16. O-O-O Kg7 17. Kb1 Na6 18. Qd3 Bd7 19. Nf1 Qe7 20. Ne3 1/2-1/2

[Event "Zagreb Open GpA"]
[Site "Zagreb CRO"]
[Date "2010.02.28"]
[Round "4"]
[White "Biti,O"]
[Black "Pandurevic,M"]
[Result "1/2-1/2"]
[WhiteElo "2399"]
[BlackElo "2314"]
[EventDate "2010.02.25"]

1. e4 e6 2. d4 d5 3. Nd2 Nf6 4. e5 Nfd7 5. Bd3 c5 6. c3 Nc6 7. Ne2 cxd4 8.
cxd4 f6 9. exf6 Nxf6 10. Nf3 Bd6 11. O-O O-O 12. Bf4 Ng4 13. Bg3 Bxg3 14.
Nxg3 Kh8 15. h3 e5 16. dxe5 Ngxe5 17. Be2 d4 18. Nxe5 Nxe5 19. f4 Ng6 20.
Nh5 Bf5 21. Bg4 d3 22. Qd2 Rc8 23. Rad1 Qb6+ 24. Qf2 Qd6 25. Rd2 Rc2 26.
Rfd1 Rxd2 27. Rxd2 Be4 28. Qe3 Qd5 29. Ng3 Rxf4 30. Nxe4 Rxe4 31. Rxd3 Rxe3
32. Rxd5 Kg8 33. Ra5 a6 34. Bf3 Re7 35. Rf5 h6 36. Rc5 Ne5 37. Be4 Kf7 38.
Rc8 Rd7 39. Kh2 b5 40. Ra8 Rd2 41. Rxa6 Rxb2 42. Bd5+ Kf8 43. Kg3 Rd2 44.
Be4 Rd4 45. Bf5 h5 46. h4 b4 47. Re6 Nd7 48. Re4 Rxe4 49. Bxe4 Kf7 50. Kf4
Kf6 51. Bd5 Nc5 52. Ke3 Na4 53. Bb3 Nc3 54. Kf4 Ne2+ 55. Ke4 Nc3+ 56. Kf3
Ke5 57. Bf7 Kf5 58. Bc4 Ke5 59. Bf7 Kf5 60. Bc4 Ke5 1/2-1/2

[Event "Zagreb Open GpA"]
[Site "Zagreb CRO"]
[Date "2010.02.28"]
[Round "4"]
[White "Jurkovic,A"]
[Black "Klasan,V"]
[Result "1/2-1/2"]
[WhiteElo "2330"]
[BlackElo "2353"]
[EventDate "2010.02.25"]

1. e4 c5 2. Nf3 d6 3. d4 cxd4 4. Nxd4 Nf6 5. Nc3 Nc6 6. f3 e5 7. Nb3 Be7 8.
Be3 O-O 9. Qd2 Be6 10. Rd1 a5 11. a3 a4 12. Nc1 Qa5 13. Nd5 Bxd5 14. exd5
Nxd5 15. Qxa5 Rxa5 16. Bf2 Nf6 17. Bb6 Raa8 18. Bc4 Rfc8 19. Ba2 Na5 20.
Bxa5 Rxa5 21. c3 d5 22. O-O Rb5 23. Nd3 e4 24. Nb4 Bc5+ 25. Kh1 e3 26. Rfe1
d4 27. Bb1 dxc3 28. bxc3 g6 29. Rd3 Ba7 30. g3 Rbc5 31. Rexe3 R5c7 32. Re5
Rxc3 33. Kg2 Rxd3 34. Bxd3 Bc5 35. Nc2 Bd6 36. Re2 Nd5 37. Rd2 Nc3 38. Bxg6
hxg6 39. Rxd6 Nb5 40. Rd2 Rc3 41. Nb4 Nxa3 42. Rd7 Rb3 43. Nd3 Nc4 44. Nc5
Rb2+ 45. Kh3 a3 46. Rd8+ Kg7 47. Ra8 b5 48. g4 b4 49. g5 Nb6 50. Ra6 Nd5
51. Kg3 Rc2 52. Nb3 Rc3 53. Nd2 Rc2 54. Nb3 a2 55. h4 Nc3 56. Ra7 Rb2 57.
Nc5 Rb1 58. Ne6+ Kg8 59. Ra8+ Kh7 60. Ra7 Kg8 61. Ra8+ Kh7 1/2-1/2

[Event "Zagreb Open GpA"]
[Site "Zagreb CRO"]
[Date "2010.02.28"]
[Round "4"]
[White "Runic,Z"]
[Black "Bender,I"]
[Result "0-1"]
[WhiteElo "2427"]
[BlackElo "2310"]
[EventDate "2010.02.25"]

1. d4 Nf6 2. c4 e6 3. Nf3 b6 4. g3 Ba6 5. Qa4 Be7 6. Bg2 O-O 7. Nc3 Bb7 8.
O-O Ne4 9. d5 Nxc3 10. bxc3 Na6 11. Nd4 Nc5 12. Qc2 e5 13. Nf5 d6 14. f4
Bf6 15. e4 Ba6 16. Ne3 b5 17. Ba3 Nd7 18. Ng4 h5 19. Nxf6+ Qxf6 20. Bh3 Nb6
21. fxe5 Qxe5 22. cxb5 Bxb5 23. Rf5 Qe7 24. Rxh5 g6 25. Rh4 Nc4 26. Bc1 Ne5
27. Bg2 g5 28. Rh5 f6 29. Bh3 Qe8 30. Qd1 Ba4 31. Qe2 Bb5 32. c4 Bxc4 33.
Qd1 Qb5 34. Be6+ Kg7 35. a4 Qc5+ 36. Kg2 Bd3 37. Bf5 Rh8 38. Rxh8 Rxh8 39.
Bd2 Qd4 40. Qe1 Rxh2+ 0-1

[Event "Zagreb Open GpA"]
[Site "Zagreb CRO"]
[Date "2010.02.28"]
[Round "4"]
[White "Maras,M"]
[Black "Messing,H"]
[Result "0-1"]
[WhiteElo "2256"]
[BlackElo "2331"]
[EventDate "2010.02.25"]

1. d4 Nf6 2. Nf3 c5 3. e3 e6 4. c4 d5 5. cxd5 exd5 6. Nc3 Nc6 7. Bb5 a6 8.
Bxc6+ bxc6 9. Qa4 Qc7 10. Ne5 Bb7 11. O-O Bd6 12. f4 O-O 13. Qc2 Rac8 14.
dxc5 Bxc5 15. Na4 Bd6 16. Nc5 Ba8 17. b4 Bxe5 18. fxe5 Qxe5 19. Bb2 Qxe3+
20. Kh1 Ne4 21. Rad1 Nxc5 22. Bd4 Qe4 23. Qxc5 Rce8 24. Qc3 Re6 25. Rde1
Qg4 26. h3 Rxe1 27. Rxe1 Qg5 28. Re3 f6 29. Bc5 Rd8 30. Qe1 Qg6 31. Re7 h6
32. Qe6+ Kh7 33. Bd4 Rg8 34. Kh2 a5 35. a3 axb4 36. axb4 Kh8 37. Qe2 Qf5
38. Qd2 Rf8 39. Be3 Qg6 40. Bc5 Rd8 41. Qd4 Kh7 42. Ra7 Qf5 43. Re7 Rd7 44.
Re2 Bb7 45. g4 Qg6 46. Re6 Rd8 47. Re7 Ba6 48. h4 Re8 49. h5 Qc2+ 50. Kg3
Rxe7 51. Bxe7 Bf1 52. Qf2 Qc3+ 53. Kh2 Qe5+ 54. Kg1 Be2 55. Bxf6 gxf6 56.
Qa7+ Kg8 57. Qa8+ Kg7 0-1

[Event "Zagreb Open GpA"]
[Site "Zagreb CRO"]
[Date "2010.02.28"]
[Round "5"]
[White "Kozul,Z"]
[Black "Stanojoski,Z"]
[Result "1/2-1/2"]
[WhiteElo "2617"]
[BlackElo "2499"]
[EventDate "2010.02.25"]

1. d4 d5 2. c4 c6 3. Nc3 Nf6 4. e3 e6 5. Nf3 Nbd7 6. Bd3 dxc4 7. Bxc4 b5 8.
Bd3 a6 9. e4 c5 10. d5 c4 11. Bc2 Qc7 12. Qe2 Bb7 13. dxe6 fxe6 14. Ng5 Qc6
15. f3 e5 16. Nd5 Nxd5 17. exd5 Bb4+ 18. Bd2 Bxd2+ 19. Qxd2 Qxd5 20. Qxd5
Bxd5 21. O-O-O Nf6 22. Nxh7 O-O-O 23. Ng5 Rh4 24. Rde1 Re8 25. g3 Rd4 26.
Re3 Kd7 27. Rhe1 Kd6 28. Be4 Bxe4 29. fxe4 Kc5 30. Rf3 Re7 31. h3 b4 32. g4
Kb5 33. Rf5 Kc5 34. Nf3 Rxe4 35. Rxe4 Nxe4 36. Nxe5 Ng3 37. Rg5 Ne4 38. Rf5
Ng3 39. Rg5 Ne4 1/2-1/2

[Event "Zagreb Open GpA"]
[Site "Zagreb CRO"]
[Date "2010.02.28"]
[Round "5"]
[White "Radulski,J"]
[Black "Kovacevic,Bl"]
[Result "1/2-1/2"]
[WhiteElo "2577"]
[BlackElo "2447"]
[EventDate "2010.02.25"]

1. e4 Nf6 2. e5 Nd5 3. d4 d6 4. Nf3 dxe5 5. Nxe5 g6 6. Bc4 c6 7. O-O Bg7 8.
Bb3 O-O 9. Qe2 a5 10. a4 Be6 11. Rd1 Nd7 12. Nf3 Bg4 13. h3 Bxf3 14. Qxf3
e6 15. Na3 Qc7 16. Bg5 h6 17. Bh4 Qf4 18. Qxf4 Nxf4 19. Kf1 e5 20. dxe5
Nxe5 21. Bg3 g5 22. Nc4 Nxc4 23. Bxc4 Rfd8 24. c3 Be5 25. Re1 Bf6 26. Bxf4
gxf4 27. Re4 Rd2 28. Rxf4 Kg7 29. Rb1 Rad8 30. Rg4+ Kf8 31. Re4 Rd1+ 32.
Re1 Rxb1 33. Rxb1 h5 34. g3 h4 35. gxh4 Bxh4 36. b4 Rd2 37. Be2 Ra2 38.
bxa5 Rxa4 39. Rxb7 Rxa5 40. Rb8+ Kg7 41. Rb4 Bf6 42. Rg4+ Kf8 43. c4 Rf5
44. Re4 Bb2 45. h4 c5 46. Bg4 Rf6 47. h5 Bd4 48. f3 Ra6 49. f4 1/2-1/2

[Event "Zagreb Open GpA"]
[Site "Zagreb CRO"]
[Date "2010.02.28"]
[Round "5"]
[White "Palac,M"]
[Black "Chatalbashev,B"]
[Result "1/2-1/2"]
[WhiteElo "2563"]
[BlackElo "2561"]
[EventDate "2010.02.25"]

1. e4 g6 2. d4 Bg7 3. Nc3 d6 4. Be3 a6 5. f4 b5 6. Nf3 Bb7 7. Bd3 b4 8. Ne2
Nf6 9. Ng3 Nbd7 10. a3 a5 11. c3 bxc3 12. bxc3 O-O 13. Rb1 Nb6 14. c4 Ba6
15. Rc1 c5 16. dxc5 dxc5 17. h3 Na4 18. Qc2 Rb8 19. Be2 Nc3 20. Bf1 Bb7 21.
Bd3 Na4 22. O-O Bc6 23. Ne5 Be8 24. Rb1 h5 25. Ne2 Nh7 26. Rxb8 Qxb8 27.
Rb1 Qc7 28. Bd2 Bxe5 29. fxe5 Bc6 30. Bh6 Qxe5 31. Bxf8 Nxf8 32. Qd2 Ne6
33. Qxa5 Nb2 34. Qb6 Nxd3 35. Qxc6 Nd4 36. Nxd4 Qxd4+ 37. Kh2 Qe5+ 38. Kg1
Qd4+ 39. Kh2 1/2-1/2

[Event "Zagreb Open GpA"]
[Site "Zagreb CRO"]
[Date "2010.02.28"]
[Round "5"]
[White "Saric,Ib"]
[Black "Blagojevic,Dr"]
[Result "1-0"]
[WhiteElo "2556"]
[BlackElo "2528"]
[EventDate "2010.02.25"]

1. d4 Nf6 2. c4 e6 3. Nf3 d5 4. Nc3 c6 5. Bg5 Nbd7 6. cxd5 exd5 7. e3 Bd6
8. Bd3 Nf8 9. Bh4 Ng6 10. Bg3 Bg4 11. Qc2 Qe7 12. O-O-O O-O 13. Bxd6 Qxd6
14. h3 Bxf3 15. gxf3 Rac8 16. Bf5 Rc7 17. h4 a6 18. Kb1 Ne7 19. Bh3 c5 20.
Qd2 Rd8 21. dxc5 Qxc5 22. Rhg1 Nc6 23. Rg5 h6 24. Rf5 Qe7 25. Nxd5 Rxd5 26.
Rxd5 Nxd5 27. Qxd5 Qxh4 28. Bf5 Qf6 29. Be4 g6 30. Qc5 Qe7 31. Qb6 Rd7 32.
Rh1 Rd6 33. a3 Kg7 34. Rc1 Qd7 35. Qb3 f5 36. Bc2 Kh7 37. Qc3 Qg7 38. Qc5
Rd2 39. Rg1 Ne5 40. f4 Nf3 41. Rxg6 Qd7 42. Bxf5 Rd5 43. Rf6+ 1-0

[Event "Zagreb Open GpA"]
[Site "Zagreb CRO"]
[Date "2010.02.28"]
[Round "5"]
[White "Zufic,M"]
[Black "Rogulj,B"]
[Result "1/2-1/2"]
[WhiteElo "2450"]
[BlackElo "2431"]
[EventDate "2010.02.25"]

1. e4 e5 2. Nf3 Nc6 3. Bb5 Bc5 4. O-O Nge7 5. c3 Bb6 6. Na3 O-O 7. Nc4 d5
8. Nxb6 axb6 9. d3 dxe4 10. dxe4 Qxd1 11. Rxd1 Be6 12. a3 f6 13. Be3 Rfd8
14. Nd2 Na5 15. f3 Nb3 16. Nxb3 Bxb3 17. Rdc1 c6 18. Be2 b5 19. Kf2 Kf7 20.
Bd1 Bxd1 21. Rxd1 Ke8 22. Bb6 Rxd1 23. Rxd1 Ng6 24. h4 Nf8 25. h5 Nd7 26.
Be3 h6 27. Ke2 Ke7 28. Kd3 Ra4 29. Kc2 b6 30. Kb3 Nc5+ 31. Ka2 Nd7 32. b3
Ra7 33. Kb2 Nc5 34. c4 bxc4 35. Bxc5+ bxc5 36. bxc4 Rd7 37. Rxd7+ Kxd7 38.
Kb3 1/2-1/2

[Event "Zagreb Open GpA"]
[Site "Zagreb CRO"]
[Date "2010.02.28"]
[Round "5"]
[White "Gleizerov,E"]
[Black "Franic,M"]
[Result "1-0"]
[WhiteElo "2565"]
[BlackElo "2392"]
[EventDate "2010.02.25"]

1. d4 b6 2. e4 Bb7 3. Bd3 Nf6 4. Qe2 Nc6 5. c3 e5 6. Nf3 d6 7. O-O Be7 8.
d5 Nb8 9. c4 O-O 10. Nc3 Nbd7 11. Bc2 Ne8 12. g3 g6 13. Ne1 Ng7 14. f4 exf4
15. gxf4 Bf6 16. Bd2 Bd4+ 17. Kh1 f5 18. Nf3 Bf6 19. exf5 gxf5 20. Ng5 Bxg5
21. fxg5 Ne5 22. Kg1 c6 23. dxc6 Bxc6 24. Nd5 Bxd5 25. cxd5 Rc8 26. Rac1
Rc4 27. Kh1 Rh4 28. Bf4 Ng6 29. Bg3 Rb4 30. Bxf5 Qxg5 31. Be6+ Nxe6 32.
Qxe6+ Kh8 33. Rxf8+ Nxf8 34. Rc8 Rf4 35. Qxd6 Rf1+ 36. Kg2 Qf5 37. Qe5+ Kg8
38. Qxf5 Rxf5 39. Bd6 Rxd5 40. Rxf8+ Kg7 41. Ba3 Rd2+ 42. Rf2 1-0

[Event "Zagreb Open GpA"]
[Site "Zagreb CRO"]
[Date "2010.02.28"]
[Round "5"]
[White "Drasko,M"]
[Black "Saric,A"]
[Result "1/2-1/2"]
[WhiteElo "2537"]
[BlackElo "2480"]
[EventDate "2010.02.25"]

1. Nf3 d5 2. g3 Nf6 3. Bg2 c5 4. O-O Nc6 5. c4 d4 6. e3 e5 7. exd4 cxd4 8.
d3 Be7 9. Na3 O-O 10. Nc2 a5 1/2-1/2

[Event "Zagreb Open GpA"]
[Site "Zagreb CRO"]
[Date "2010.02.28"]
[Round "5"]
[White "Cebalo,M"]
[Black "Brumen,D"]
[Result "1-0"]
[WhiteElo "2500"]
[BlackElo "2358"]
[EventDate "2010.02.25"]

1. g3 e5 2. c4 Nf6 3. Bg2 c6 4. d4 exd4 5. Qxd4 Be7 6. Nc3 O-O 7. Nf3 d6 8.
O-O Nbd7 9. b3 Qb6 10. Ba3 Rd8 11. Rfd1 Nf8 12. Rac1 Qa5 13. Bb2 Ne6 14.
Qd2 Qh5 15. h3 Nd7 16. Qc2 Ne5 17. Ne4 Nxf3+ 18. exf3 Qg6 19. f4 f5 20. Nd2
h5 21. Nf3 h4 22. Kh2 hxg3+ 23. fxg3 Nc5 24. Rg1 Ne4 25. Bh1 Qh6 26. Rcd1
Nf6 27. Rge1 Ne4 28. h4 Bf6 29. Bxf6 gxf6 30. Nd4 d5 31. cxd5 cxd5 32. b4
Kh8 33. Bxe4 fxe4 34. f5 Rg8 35. Qc7 b6 36. Kh3 Rg7 37. Qd8+ Kh7 38. Qxd5
Bb7 39. Qd6 Rag8 40. Rg1 e3 41. Ne6 Rf7 42. Rde1 Rc8 43. Qd4 Rc2 44. Rxe3
Rxa2 45. Nd8 Rc7 46. Nxb7 Rxb7 47. Rge1 Rg7 48. Re7 Ra3 49. Qg4 1-0

[Event "Zagreb Open GpA"]
[Site "Zagreb CRO"]
[Date "2010.02.28"]
[Round "5"]
[White "Fercec,N"]
[Black "Biti,O"]
[Result "1-0"]
[WhiteElo "2492"]
[BlackElo "2399"]
[EventDate "2010.02.25"]

1. e4 d6 2. d4 Nf6 3. Nc3 g6 4. Bg5 Bg7 5. Qd2 h6 6. Bh4 Nbd7 7. O-O-O g5
8. Bg3 Nh5 9. e5 Nb6 10. Qe3 Nxg3 11. hxg3 e6 12. f4 Qe7 13. Qf3 d5 14. Bd3
Bd7 15. Nb5 Bc6 16. Ne2 a6 17. Nbc3 O-O-O 18. Kb1 f6 19. Nc1 Na4 20. Be2 f5
21. Nb3 g4 22. Qe3 Nxc3+ 23. Qxc3 Qe8 24. Nc5 Bf8 25. Qa5 Bxc5 26. Qxc5 Bb5
27. Bxb5 Qxb5 28. Qe7 Qd7 29. Qa3 Rde8 30. Rd3 c6 31. Rb3 Qc7 32. Qc5 Kd7
33. Rb6 Rb8 34. Rd1 Rh7 35. Rd3 Ke8 36. Rdb3 Rd7 37. Qb4 Kf7 38. Rxa6 Kg6
39. Rb6 h5 40. a4 Rh7 41. a5 h4 42. gxh4 Rxh4 43. a6 Rh1+ 44. Ka2 Ra8 45.
Rxb7 Rxa6+ 46. Ra3 Rxa3+ 47. bxa3 Qd8 48. Rb8 c5 49. Qb7 1-0

[Event "Zagreb Open GpA"]
[Site "Zagreb CRO"]
[Date "2010.02.28"]
[Round "5"]
[White "Messing,H"]
[Black "Loncar,R"]
[Result "1-0"]
[WhiteElo "2331"]
[BlackElo "2424"]
[EventDate "2010.02.25"]

1. e4 d5 2. exd5 Qxd5 3. Nc3 Qd6 4. d4 Nf6 5. Nf3 g6 6. Be2 Bg7 7. O-O O-O
8. h3 a6 9. Be3 Bf5 10. Qd2 Rd8 11. Rad1 Nc6 12. Bf4 Qb4 13. Bxc7 Rd7 14.
a3 Qxb2 15. Na4 Qxa3 16. Nb6 Rxc7 17. Nxa8 Rc8 18. Nb6 Rd8 19. Nc4 Qa4 20.
c3 Na7 21. Nce5 Ne4 22. Qb2 Nd6 23. Qb6 Ra8 24. c4 Qe8 25. c5 Ndb5 26. Bc4
e6 27. Qxb7 Nc3 28. Rc1 Be4 29. c6 Nab5 30. Rfe1 Bh6 31. Ng4 Bxc6 32. Nxh6+
Kg7 33. Qxf7+ Qxf7 34. Nxf7 Bxf3 35. Ng5 Bd5 36. Nxe6+ Bxe6 37. Rxe6 Rc8
38. Re7+ Kh6 39. Bxb5 axb5 40. Kh2 Rc4 41. Rb7 b4 42. d5 Rd4 43. d6 1-0

[Event "Zagreb Open GpA"]
[Site "Zagreb CRO"]
[Date "2010.02.28"]
[Round "5"]
[White "Zivkovic,Vj"]
[Black "Pandurevic,M"]
[Result "1/2-1/2"]
[WhiteElo "2396"]
[BlackElo "2314"]
[EventDate "2010.02.25"]

1. d4 e6 2. e4 d5 3. Nc3 dxe4 4. Nxe4 Nd7 5. g3 Ngf6 6. Nxf6+ Nxf6 7. Bg2
c5 8. Nf3 Qb6 9. O-O Bd7 10. dxc5 Bxc5 11. Ne5 Ba4 12. Qe2 O-O 13. b3 Bd4
14. Be3 Bxe3 15. Qxe3 1/2-1/2

[Event "Zagreb Open GpA"]
[Site "Zagreb CRO"]
[Date "2010.02.28"]
[Round "5"]
[White "Bender,I"]
[Black "Mrdja,M"]
[Result "1/2-1/2"]
[WhiteElo "2310"]
[BlackElo "2392"]
[EventDate "2010.02.25"]

1. e4 d5 2. exd5 Qxd5 3. Nc3 Qa5 4. Bc4 Nf6 5. Nge2 Bf5 6. d3 e6 7. a3 c6
8. Bf4 Nbd7 9. h3 h6 10. Nd4 Bg6 11. Qe2 O-O-O 12. O-O e5 13. Nb3 Qc7 14.
Be3 Nb6 15. Nd2 Nbd5 16. a4 Nxe3 17. Qxe3 Kb8 18. a5 Nd7 19. Rfb1 Bc5 20.
Qe2 f5 21. Na4 Bb4 22. c3 Bxa5 23. b4 Bb6 24. Nxb6 Nxb6 25. b5 c5 26. Rb3
Rhe8 27. Rba3 Nc8 28. Nf1 e4 29. dxe4 Rxe4 30. Qa2 Qd6 31. Ne3 f4 32. Nf1
Kc7 33. Be2 Qe6 34. Qxe6 Rxe6 35. Bg4 Rb6 36. Bxc8 Kxc8 37. Rxa7 Rxb5 38.
Ra8+ Kc7 39. Rxd8 Kxd8 40. Nd2 Rb2 41. Nc4 Rb1+ 42. Rxb1 Bxb1 43. g3 fxg3
44. fxg3 Ke7 45. Kf2 b5 46. Na5 Be4 47. Ke3 1/2-1/2

[Event "Zagreb Open GpA"]
[Site "Zagreb CRO"]
[Date "2010.02.28"]
[Round "5"]
[White "Klasan,V"]
[Black "Ivekovic,Z"]
[Result "0-1"]
[WhiteElo "2353"]
[BlackElo "2283"]
[EventDate "2010.02.25"]

1. e4 c5 2. Nf3 d6 3. d4 cxd4 4. Qxd4 Nc6 5. Bb5 Qa5+ 6. Nc3 Qxb5 7. Nxb5
Nxd4 8. Nfxd4 Kd8 9. c4 Nf6 10. f3 g6 11. Be3 Bg7 12. Kf2 Bd7 13. Nc3 Rc8
14. b3 a6 15. Rac1 e6 16. Rhd1 Ke7 17. a4 Ne8 18. Nde2 f5 19. Rd3 Bc6 20.
exf5 gxf5 21. Rcd1 Be5 22. a5 Rg8 23. h3 Nf6 24. Bf4 Rg7 25. Re3 Rcg8 26.
g4 fxg4 27. hxg4 Rf7 28. g5 Nd7 29. Bg3 Bxg3+ 30. Nxg3 Ne5 31. Rxe5 Rxf3+
0-1

[Event "Zagreb Open GpA"]
[Site "Zagreb CRO"]
[Date "2010.02.28"]
[Round "5"]
[White "Jurkovic,A"]
[Black "Plenkovic,Z"]
[Result "0-1"]
[WhiteElo "2330"]
[BlackElo "2388"]
[EventDate "2010.02.25"]

1. e4 d5 2. exd5 Qxd5 3. Nf3 g6 4. Nc3 Qd6 5. Bc4 Bg7 6. Ne4 Qd8 7. d4 Nh6
8. O-O O-O 9. c3 Nd7 10. Re1 Nf5 11. Qe2 Nd6 12. Bb3 Nf6 13. Ng3 e6 14. Bf4
b6 15. Rad1 Bb7 16. Be5 a5 17. a4 Ba6 18. c4 c6 19. Rc1 Bh6 20. Rcd1 b5 21.
Bxd6 Qxd6 22. axb5 cxb5 23. cxb5 Bb7 24. Qe5 Qd8 25. Rd3 Nd5 26. Ra1 Bg7
27. Qg5 Qxg5 28. Nxg5 Nf4 29. Rd2 Bxg2 30. N3e4 Rfd8 31. Nc5 Rxd4 32. Rad1
Rxd2 33. Rxd2 Bd5 34. Bxd5 Nxd5 35. Na6 Ra7 36. Rc2 Be5 37. Nc5 Rc7 38.
Nge4 Bd4 39. Rc4 Bxb2 40. Nd6 Nb6 41. Ne8 Re7 42. Rc2 Be5 43. Nd3 Bxh2+ 44.
Kxh2 Rxe8 45. Rc7 Nd5 46. Ra7 Rb8 47. Ne5 f6 0-1

[Event "Zagreb Open GpA"]
[Site "Zagreb CRO"]
[Date "2010.02.28"]
[Round "5"]
[White "Runic,Z"]
[Black "Maras,M"]
[Result "1/2-1/2"]
[WhiteElo "2427"]
[BlackElo "2256"]
[EventDate "2010.02.25"]

1. e4 c5 2. Nf3 d6 3. d4 cxd4 4. Nxd4 Nf6 5. Nc3 Nc6 6. Bc4 Qb6 7. Nb3 e6
8. O-O a6 9. Kh1 Qc7 10. Bd3 Be7 11. f4 h5 12. f5 Ne5 13. Bf4 Bd7 14. a4
Rc8 1/2-1/2

[Event "Zagreb Open GpA"]
[Site "Zagreb CRO"]
[Date "2010.03.01"]
[Round "6"]
[White "Chatalbashev,B"]
[Black "Brkic,A"]
[Result "1/2-1/2"]
[WhiteElo "2561"]
[BlackElo "2564"]
[EventDate "2010.02.25"]

1. d4 Nf6 2. c4 g6 3. Nc3 d5 4. Bf4 Bg7 5. e3 O-O 6. cxd5 Nxd5 7. Nxd5 Qxd5
8. Bxc7 Na6 9. Bxa6 Qxg2 10. Qf3 Qxf3 11. Nxf3 bxa6 12. Rc1 f6 13. Rg1 Rf7
14. Ke2 Bd7 15. d5 e5 16. dxe6 1/2-1/2

[Event "Zagreb Open GpA"]
[Site "Zagreb CRO"]
[Date "2010.03.01"]
[Round "6"]
[White "Stanojoski,Z"]
[Black "Ulibin,M"]
[Result "0-1"]
[WhiteElo "2499"]
[BlackElo "2548"]
[EventDate "2010.02.25"]

1. c4 c5 2. g3 Nc6 3. Bg2 g6 4. Nc3 Bg7 5. Nf3 e6 6. d3 Nge7 7. Bd2 Rb8 8.
Qc1 h6 9. Rb1 b6 10. O-O Bb7 11. a3 Nf5 12. b4 d6 13. e3 h5 14. h4 O-O 15.
Ne4 Ne5 16. Nxe5 Bxe5 17. Bc3 Bxe4 18. dxe4 Nh6 19. Rd1 Qc7 20. Be1 Rfc8
21. b5 Rd8 22. a4 a5 23. bxa6 Ra8 24. Rd3 Rxa6 25. a5 bxa5 26. Rdb3 Ra7 27.
Qa3 a4 28. Rb5 Ng4 29. f4 Bg7 30. e5 dxe5 31. Rxc5 Qd7 32. Ra5 exf4 33. c5
Nxe3 34. c6 Qd4 35. Bc3 Nc4+ 36. Bxd4 Bxd4+ 37. Kh2 Nxa3 38. Rxa7 fxg3+ 39.
Kh3 Bxa7 40. c7 Rc8 41. Rb7 Nb5 42. Rxb5 Rxc7 43. Ra5 Bf2 44. Rxa4 Kg7 45.
Re4 Re7 0-1

[Event "Zagreb Open GpA"]
[Site "Zagreb CRO"]
[Date "2010.03.01"]
[Round "6"]
[White "Kovacevic,Bl"]
[Black "Kozul,Z"]
[Result "0-1"]
[WhiteElo "2447"]
[BlackElo "2617"]
[EventDate "2010.02.25"]

1. d4 Nf6 2. c4 g6 3. Nc3 Bg7 4. e4 d6 5. Nf3 O-O 6. Be2 e5 7. O-O Nbd7 8.
Qc2 c6 9. d5 c5 10. g3 Kh8 11. Bg5 Qc7 12. Nh4 Ng8 13. Nb5 Qb8 14. Bd2 Ndf6
15. b4 a6 16. Nc3 cxb4 17. Na4 b5 18. cxb5 axb5 19. Nb2 Bh3 20. Rfd1 Ng4
21. Bf1 Rc8 22. Qb3 Qb6 23. Be1 Bxf1 24. Kxf1 Nxh2+ 25. Kg1 Ng4 26. Qxb4
Rc2 27. Rd2 Rxd2 28. Qxd2 N8f6 29. Qb4 Qd4 30. Qxd4 exd4 31. f3 Nxe4 32.
fxe4 d3 33. Rb1 Rxa2 34. Nxd3 Bd4+ 35. Nf2 Nxf2 36. Nf3 Bc5 37. Rxb5 Nxe4+
0-1

[Event "Zagreb Open GpA"]
[Site "Zagreb CRO"]
[Date "2010.03.01"]
[Round "6"]
[White "Radulski,J"]
[Black "Saric,Ib"]
[Result "1-0"]
[WhiteElo "2577"]
[BlackElo "2556"]
[EventDate "2010.02.25"]

1. e4 d5 2. exd5 Qxd5 3. Nc3 Qd6 4. d4 Nf6 5. Nf3 c6 6. Ne5 Nbd7 7. f4 Nb6
8. g4 g6 9. Bg2 Bg7 10. O-O O-O 11. a4 a5 12. Kh1 Nfd5 13. Ne4 Qc7 14. c3
f6 15. Nd3 f5 16. gxf5 Bxf5 17. Qe2 Bh6 18. Nec5 Rf6 19. Ne5 Raf8 20. Bd2
Bc8 21. Ne4 Rf5 22. Ng3 R5f6 23. f5 Bxd2 24. Qxd2 Bxf5 25. c4 Nb4 26. Nxf5
gxf5 27. Rg1 Kh8 28. Qf4 Na6 29. Bf3 e6 30. Qh4 Qd8 31. Rg5 c5 32. Rag1 1-0

[Event "Zagreb Open GpA"]
[Site "Zagreb CRO"]
[Date "2010.03.01"]
[Round "6"]
[White "Fercec,N"]
[Black "Gleizerov,E"]
[Result "1/2-1/2"]
[WhiteElo "2492"]
[BlackElo "2565"]
[EventDate "2010.02.25"]

1. e4 e6 2. d4 d5 3. Nd2 Nf6 4. e5 Nfd7 5. Bd3 c5 6. c3 Nc6 7. Ne2 cxd4 8.
cxd4 f6 9. exf6 Nxf6 10. Nf3 Qc7 11. O-O Bd6 12. Bg5 O-O 13. Bh4 Nh5 14.
Nc3 a6 15. Rc1 g6 16. Na4 b5 17. Nc5 Rxf3 18. Qxf3 Bxh2+ 19. Kh1 Bf4 20.
Nb3 Bxc1 21. Rxc1 Bd7 22. Bg5 Qd6 23. Nc5 Nxd4 24. Qe3 e5 1/2-1/2

[Event "Zagreb Open GpA"]
[Site "Zagreb CRO"]
[Date "2010.03.01"]
[Round "6"]
[White "Zufic,M"]
[Black "Palac,M"]
[Result "0-1"]
[WhiteElo "2450"]
[BlackElo "2563"]
[EventDate "2010.02.25"]

1. e4 c5 2. Nf3 d6 3. d4 cxd4 4. Nxd4 Nf6 5. Nc3 a6 6. Be2 e6 7. Be3 Nbd7
8. Qd2 b5 9. a3 Bb7 10. f3 Be7 11. g4 Nb6 12. O-O-O Rc8 13. Kb1 Nfd7 14.
Nb3 O-O 15. g5 d5 16. exd5 Nxd5 17. Nxd5 Bxd5 18. Rhf1 Qc7 19. f4 Nb6 20.
Bd4 Nc4 21. Bxc4 Qxc4 22. Nc1 Be4 23. Bc3 Bxa3 24. Qd4 Qxd4 25. Rxd4 Bf5
26. Nd3 Be7 27. Rd1 Rfd8 28. Ne5 Rxd4 29. Rxd4 Kf8 30. Rd2 b4 0-1

[Event "Zagreb Open GpA"]
[Site "Zagreb CRO"]
[Date "2010.03.01"]
[Round "6"]
[White "Rogulj,B"]
[Black "Cebalo,M"]
[Result "1-0"]
[WhiteElo "2431"]
[BlackElo "2500"]
[EventDate "2010.02.25"]

1. e4 c5 2. Nc3 Nc6 3. Bb5 Nd4 4. Bc4 e6 5. Nf3 a6 6. Nxd4 cxd4 7. Ne2 b5
8. Bb3 Qb6 9. O-O Nf6 10. d3 Bb7 11. Bg5 Be7 12. Ng3 Qc5 13. Bd2 h5 14. h3
h4 15. Ne2 Nh5 16. c3 dxc3 17. Be3 c2 18. Bxc2 Qb4 19. a3 Qa5 20. Nd4 g6
21. b4 Qd8 22. Qd2 f5 23. exf5 gxf5 24. Bd1 Kf7 25. Bf3 Bxf3 26. Nxf3 Bf6
27. d4 Qg8 28. Rac1 Qg6 29. Ne5+ Bxe5 30. dxe5 Ke8 31. Rfd1 Rh7 32. Qe2 Kf8
33. Qf3 Re8 34. Rc7 Rd8 35. Ra7 Rf7 36. Bb6 Re8 37. Bc5+ Kg7 38. Rdxd7 Rxd7
39. Rxd7+ Kh6 40. Be3+ 1-0

[Event "Zagreb Open GpA"]
[Site "Zagreb CRO"]
[Date "2010.03.01"]
[Round "6"]
[White "Blagojevic,Dr"]
[Black "Drasko,M"]
[Result "1/2-1/2"]
[WhiteElo "2528"]
[BlackElo "2537"]
[EventDate "2010.02.25"]

1. c4 Nf6 2. Nf3 e6 3. g3 d5 4. Bg2 dxc4 5. Qa4+ Nbd7 6. O-O a6 7. Qxc4 b5
8. Qc2 Bb7 9. b3 c5 10. Bb2 Rc8 11. a4 Be7 1/2-1/2

[Event "Zagreb Open GpA"]
[Site "Zagreb CRO"]
[Date "2010.03.01"]
[Round "6"]
[White "Saric,A"]
[Black "Messing,H"]
[Result "1-0"]
[WhiteElo "2480"]
[BlackElo "2331"]
[EventDate "2010.02.25"]

1. Nf3 f5 2. g3 Nf6 3. Bg2 c5 4. c4 e6 5. O-O Be7 6. d4 cxd4 7. Nxd4 a6 8.
Nc3 O-O 9. b3 Nc6 10. Bb2 Rb8 11. e4 fxe4 12. Nxe4 Nxe4 13. Bxe4 d5 14.
Nxe6 Bxe6 15. cxd5 Bf5 16. Bxf5 Rxf5 17. dxc6 bxc6 18. Qg4 Rf7 19. Qc4 Qb6
20. Rac1 c5 21. Rfe1 Qb7 22. Re4 Rbf8 23. Rf4 Bd6 24. Rxf7 Qxf7 25. Ba3
Qxc4 26. Rxc4 Rf5 27. Ra4 Rd5 28. Kg2 Rd2 29. Bc1 1-0